[Event "DEM U10w 2021"]
[Site "Willingen GER"]
[Date "2021.08.28"]
[Round "10"]
[White "Marrufo, Adriana"]
[Black "Glotz, Katharina"]
[Result "0-1"]
[Termination "normal"]
[Board "13"]
[WhiteElo "850"]
[BlackElo "1081"]
[WhiteClock "00:21:26"]
[BlackClock "00:12:54"]
[PlyCount "88"]
[WhiteFideId "34630252"]
[BlackFideId "34631011"]
[EventCountry "GER"]
[EventRounds "11"]
[EventType "swiss"]
[EventDate "2021.08.22"]

1. e4 {[%clk 01:15:56]} {[%emt 00:00:03]} c5 {[%clk 01:15:53]} {[%emt
00:00:07]} 2. Nf3 {[%clk 01:16:04]} {[%emt 00:00:22]} Nc6 {[%clk 01:16:01]}
{[%emt 00:00:21]} 3. Bb5 {[%clk 01:16:06]} {[%emt 00:00:29]} e6 {[%clk
01:11:30]} {[%emt 00:05:01]} 4. Bxc6 {[%clk 01:15:35]} {[%emt 00:00:59]} dxc6
{[%clk 01:10:40]} {[%emt 00:01:20]} 5. O-O {[%clk 01:12:46]} {[%emt 00:03:21]}
Ne7 {[%clk 01:10:29]} {[%emt 00:00:40]} 6. Re1 {[%clk 01:11:16]} {[%emt
00:02:00]} Ng6 {[%clk 01:07:15]} {[%emt 00:03:44]} 7. c3 {[%clk 01:08:24]}
{[%emt 00:03:22]} Be7 {[%clk 01:02:25]} {[%emt 00:05:19]} 8. d4 {[%clk
01:06:03]} {[%emt 00:02:52]} Qc7 {[%clk 00:57:07]} {[%emt 00:05:48]} 9. e5
{[%clk 01:02:52]} {[%emt 00:03:42]} O-O {[%clk 00:55:48]} {[%emt 00:01:48]} 10.
Bg5 {[%clk 00:59:56]} {[%emt 00:03:27]} Bxg5 {[%clk 00:54:44]} {[%emt
00:01:33]} 11. Nxg5 {[%clk 00:59:24]} {[%emt 00:01:02]} Rd8 {[%clk 00:49:55]}
{[%emt 00:05:19]} 12. Qh5 {[%clk 00:47:56]} {[%emt 00:11:59]} h6 {[%clk
00:49:13]} {[%emt 00:01:10]} 13. Ne4 {[%clk 00:47:08]} {[%emt 00:01:19]} cxd4
{[%clk 00:43:19]} {[%emt 00:06:24]} 14. cxd4 {[%clk 00:45:01]} {[%emt
00:02:36]} Rxd4 {[%clk 00:41:35]} {[%emt 00:02:15]} 15. Nbc3 {[%clk 00:43:07]}
{[%emt 00:02:25]} Nxe5 {[%clk 00:38:29]} {[%emt 00:03:36]} 16. Re3 {[%clk
00:36:59]} {[%emt 00:06:38]} Rd3 {[%clk 00:35:40]} {[%emt 00:03:17]} 17. Rae1
{[%clk 00:35:17]} {[%emt 00:02:13]} Kh7 {[%clk 00:30:08]} {[%emt 00:06:02]} 18.
Rxd3 {[%clk 00:34:42]} {[%emt 00:01:03]} Nxd3 {[%clk 00:30:17]} {[%emt
00:00:23]} 19. Re3 {[%clk 00:34:19]} {[%emt 00:00:53]} Nf4 {[%clk 00:26:06]}
{[%emt 00:04:42]} 20. Qh4 {[%clk 00:33:24]} {[%emt 00:01:25]} g5 {[%clk
00:24:41]} {[%emt 00:01:54]} 21. Nf6+ {[%clk 00:31:59]} {[%emt 00:01:55]} Kg6
{[%clk 00:23:23]} {[%emt 00:01:47]} 22. Rg3 {[%clk 00:30:14]} {[%emt 00:02:16]}
Qe5 {[%clk 00:20:48]} {[%emt 00:03:04]} 23. Nfe4 {[%clk 00:28:34]} {[%emt
00:02:11]} f5 {[%clk 00:18:00]} {[%emt 00:03:19]} 24. f3 {[%clk 00:27:26]}
{[%emt 00:01:38]} fxe4 {[%clk 00:16:08]} {[%emt 00:02:21]} 25. Nxe4 {[%emt
00:01:31]} Ne2+ {[%emt 00:01:38]} 26. Kf2 {[%clk 00:23:47]} {[%emt 00:01:01]}
Nxg3 {[%clk 00:16:15]} {[%emt 00:00:22]} 27. Qxg3 {[%clk 00:23:50]} {[%emt
00:00:26]} Qxg3+ {[%clk 00:16:29]} {[%emt 00:00:16]} 28. hxg3 {[%clk 00:23:15]}
{[%emt 00:01:05]} b5 {[%clk 00:16:38]} {[%emt 00:00:20]} 29. f4 {[%clk
00:23:22]} {[%emt 00:00:24]} g4 {[%clk 00:16:02]} {[%emt 00:01:06]} 30. Nd6
{[%clk 00:22:44]} {[%emt 00:01:09]} a5 {[%clk 00:15:23]} {[%emt 00:01:09]} 31.
b3 {[%clk 00:21:55]} {[%emt 00:01:19]} Bd7 {[%clk 00:14:56]} {[%emt 00:00:57]}
32. a3 {[%clk 00:22:00]} {[%emt 00:00:26]} c5 {[%clk 00:14:45]} {[%emt
00:00:40]} 33. f5+ {[%clk 00:22:03]} {[%emt 00:00:28]} exf5 {[%clk 00:15:02]}
{[%emt 00:00:13]} 34. Nb7 {[%clk 00:21:14]} {[%emt 00:01:17]} c4 {[%clk
00:15:08]} {[%emt 00:00:24]} 35. Nc5 {[%clk 00:21:16]} {[%emt 00:00:28]} Bc6
{[%clk 00:14:34]} {[%emt 00:01:04]} 36. bxc4 {[%clk 00:21:13]} {[%emt
00:00:33]} bxc4 {[%clk 00:14:47]} {[%emt 00:00:17]} 37. Ke2 {[%clk 00:21:07]}
{[%emt 00:00:35]} Rc8 {[%clk 00:13:57]} {[%emt 00:01:21]} 38. Ke3 {[%clk
00:20:43]} {[%emt 00:00:55]} c3 {[%clk 00:13:42]} {[%emt 00:00:46]} 39. Nb3
{[%clk 00:21:00]} {[%emt 00:00:13]} Bd5 {[%clk 00:12:41]} {[%emt 00:01:30]} 40.
Ke2 {[%clk 00:21:04]} {[%emt 00:00:26]} Bxb3 {[%clk 00:12:37]} {[%emt
00:00:34]} 41. a4 {[%clk 00:21:02]} {[%emt 00:00:33]} c2 {[%clk 00:12:43]}
{[%emt 00:00:23]} 42. Kd3 {[%clk 00:21:12]} {[%emt 00:00:21]} c1=Q {[%clk
00:12:45]} {[%emt 00:00:26]} 43. Kd4 {[%clk 00:21:22]} {[%emt 00:00:21]} Rd8+
{[%clk 00:12:54]} {[%emt 00:00:21]} 44. Ke5 {[%clk 00:21:26]} {[%emt 00:00:26]}
Qe3# {[%emt 00:00:46]} 0-1

[Event "DEM U10w 2021"]
[Site "Willingen GER"]
[Date "2021.08.28"]
[Round "10"]
[White "Funke, Luise"]
[Black "Fruth, Julia"]
[Result "0-1"]
[Termination "normal"]
[Board "14"]
[WhiteElo "737"]
[BlackElo "1007"]
[WhiteClock "01:04:49"]
[BlackClock "00:58:32"]
[PlyCount "44"]
[WhiteFideId "34623752"]
[BlackFideId "34603050"]
[EventCountry "GER"]
[EventRounds "11"]
[EventType "swiss"]
[EventDate "2021.08.22"]

1. e4 {[%clk 01:15:57]} {[%emt 00:00:02]} c5 {[%clk 01:15:55]} {[%emt
00:00:05]} 2. Nf3 {[%clk 01:16:19]} {[%emt 00:00:09]} d6 {[%clk 01:16:15]}
{[%emt 00:00:09]} 3. Bb5+ {[%clk 01:16:38]} {[%emt 00:00:11]} Nd7 {[%clk
01:16:35]} {[%emt 00:00:10]} 4. c3 {[%clk 01:16:51]} {[%emt 00:00:17]} a6
{[%clk 01:16:37]} {[%emt 00:00:29]} 5. Bxd7+ {[%clk 01:17:03]} {[%emt
00:00:17]} Bxd7 {[%clk 01:16:59]} {[%emt 00:00:09]} 6. d4 {[%clk 01:17:19]}
{[%emt 00:00:14]} cxd4 {[%clk 01:17:10]} {[%emt 00:00:19]} 7. cxd4 {[%clk
01:17:38]} {[%emt 00:00:11]} e6 {[%clk 01:16:14]} {[%emt 00:01:25]} 8. O-O
{[%clk 01:17:45]} {[%emt 00:00:24]} Qc7 {[%clk 01:15:16]} {[%emt 00:01:27]} 9.
Nc3 {[%clk 01:17:19]} {[%emt 00:00:56]} Ne7 {[%clk 01:15:28]} {[%emt 00:00:16]}
10. Bg5 {[%clk 01:17:11]} {[%emt 00:00:39]} Ng6 {[%clk 01:15:28]} {[%emt
00:00:29]} 11. h3 {[%clk 01:13:27]} {[%emt 00:04:14]} Be7 {[%clk 01:12:16]}
{[%emt 00:03:43]} 12. Bxe7 {[%clk 01:13:29]} {[%emt 00:00:29]} Nxe7 {[%clk
01:12:19]} {[%emt 00:00:26]} 13. Ng5 {[%clk 01:13:21]} {[%emt 00:00:39]} O-O
{[%clk 01:11:43]} {[%emt 00:01:06]} 14. Qh5 {[%clk 01:12:38]} {[%emt 00:01:13]}
h6 {[%clk 01:11:31]} {[%emt 00:00:41]} 15. Nf3 {[%clk 01:11:14]} {[%emt
00:01:54]} Ng6 {[%clk 01:09:01]} {[%emt 00:02:59]} 16. Ne2 {[%clk 01:09:29]}
{[%emt 00:02:16]} Bc6 {[%clk 01:05:13]} {[%emt 00:04:16]} 17. d5 {[%clk
01:09:31]} {[%emt 00:00:29]} exd5 {[%clk 01:05:04]} {[%emt 00:00:38]} 18. exd5
{[%emt 00:00:22]} Bb5 {[%emt 00:01:23]} 19. Rfe1 {[%clk 01:07:49]} {[%emt
00:00:28]} Rfe8 {[%clk 01:04:26]} {[%emt 00:01:04]} 20. Kf1 {[%clk 01:07:52]}
{[%emt 00:00:31]} Nf4 {[%clk 01:01:54]} {[%emt 00:03:01]} 21. Qg4 {[%clk
01:06:54]} {[%emt 00:01:30]} Nxe2 {[%clk 00:59:52]} {[%emt 00:02:31]} 22. Ng1
{[%clk 01:04:49]} {[%emt 00:02:35]} Ng3# {[%clk 00:58:32]} {[%emt 00:00:58]}
0-1

[Event "DEM U10w 2021"]
[Site "Willingen GER"]
[Date "2021.08.28"]
[Round "10"]
[White "Amrhein, Yana"]
[Black "Margaryan, Mane"]
[Result "1-0"]
[Termination "normal"]
[Board "15"]
[WhiteElo "735"]
[BlackElo "893"]
[WhiteClock "00:54:47"]
[BlackClock "00:40:37"]
[PlyCount "61"]
[WhiteFideId "34638253"]
[BlackFideId "16268237"]
[EventCountry "GER"]
[EventRounds "11"]
[EventType "swiss"]
[EventDate "2021.08.22"]

1. g3 {[%clk 01:15:39]} {[%emt 00:00:21]} d5 {[%clk 01:15:38]} {[%emt
00:00:23]} 2. Bg2 {[%clk 01:16:00]} {[%emt 00:00:09]} Nf6 {[%clk 01:15:21]}
{[%emt 00:00:47]} 3. d3 {[%clk 01:16:15]} {[%emt 00:00:14]} Bf5 {[%clk
01:14:53]} {[%emt 00:00:58]} 4. Nf3 {[%clk 01:16:21]} {[%emt 00:00:23]} e6
{[%clk 01:14:47]} {[%emt 00:00:37]} 5. O-O {[%clk 01:16:28]} {[%emt 00:00:22]}
Bc5 {[%clk 01:13:10]} {[%emt 00:02:08]} 6. Nbd2 {[%clk 01:16:24]} {[%emt
00:00:34]} O-O {[%clk 01:13:04]} {[%emt 00:00:36]} 7. b3 {[%clk 01:16:07]}
{[%emt 00:00:46]} Re8 {[%clk 01:11:52]} {[%emt 00:01:42]} 8. c4 {[%clk
01:16:09]} {[%emt 00:00:30]} c6 {[%clk 01:07:44]} {[%emt 00:04:38]} 9. cxd5
{[%clk 01:14:54]} {[%emt 00:00:25]} cxd5 {[%clk 01:07:42]} {[%emt 00:01:52]}
10. Bb2 {[%clk 01:14:40]} {[%emt 00:00:42]} Nbd7 {[%clk 01:07:39]} {[%emt
00:00:35]} 11. Qc2 {[%clk 01:14:23]} {[%emt 00:00:44]} Rc8 {[%clk 01:06:45]}
{[%emt 00:01:25]} 12. Qd1 {[%clk 01:12:25]} {[%emt 00:02:28]} h6 {[%clk
01:06:47]} {[%emt 00:00:29]} 13. Rc1 {[%clk 01:08:05]} {[%emt 00:04:50]} Qb6
{[%clk 01:01:13]} {[%emt 00:06:05]} 14. e3 {[%emt 00:01:14]} Bxd3 {[%clk
01:01:02]} {[%emt 00:00:28]} 15. Re1 {[%clk 01:04:48]} {[%emt 00:03:13]} Rc7
{[%clk 00:55:16]} {[%emt 00:06:17]} 16. Bd4 {[%clk 01:01:14]} {[%emt 00:04:06]}
Bxd4 {[%clk 00:54:35]} {[%emt 00:01:11]} 17. exd4 {[%clk 01:00:39]} {[%emt
00:01:05]} Rec8 {[%clk 00:53:05]} {[%emt 00:01:59]} 18. Rxc7 {[%clk 01:00:23]}
{[%emt 00:00:46]} Rxc7 {[%clk 00:53:24]} {[%emt 00:00:11]} 19. Ne5 {[%clk
00:59:03]} {[%emt 00:01:51]} Qxd4 {[%clk 00:52:00]} {[%emt 00:01:53]} 20. Ndf3
{[%clk 00:55:57]} {[%emt 00:03:34]} Qb2 {[%clk 00:44:29]} {[%emt 00:08:04]} 21.
Qxd3 {[%clk 00:55:26]} {[%emt 00:01:00]} Qxa2 {[%clk 00:44:14]} {[%emt
00:00:46]} 22. Nxd7 {[%clk 00:55:12]} {[%emt 00:00:45]} Nxd7 {[%clk 00:43:36]}
{[%emt 00:01:07]} 23. Ne5 {[%emt 00:01:19]} Nxe5 {[%clk 00:43:26]} {[%emt
00:00:37]} 24. Rxe5 {[%clk 00:54:49]} {[%emt 00:00:07]} Rc1+ {[%clk 00:43:45]}
{[%emt 00:00:10]} 25. Bf1 {[%clk 00:54:40]} {[%emt 00:00:39]} Qb2 {[%clk
00:43:15]} {[%emt 00:00:59]} 26. Re2 {[%clk 00:54:33]} {[%emt 00:00:37]} Qa1
{[%clk 00:43:05]} {[%emt 00:00:41]} 27. Rc2 {[%clk 00:53:46]} {[%emt 00:01:13]}
Rxc2 {[%clk 00:41:27]} {[%emt 00:02:13]} 28. Qxc2 {[%clk 00:53:59]} {[%emt
00:00:16]} b5 {[%clk 00:41:10]} {[%emt 00:00:47]} 29. Kg2 {[%clk 00:54:11]}
{[%emt 00:00:17]} b4 {[%clk 00:40:36]} {[%emt 00:01:05]} 30. Bd3 {[%clk
00:54:24]} {[%emt 00:00:09]} a5 {[%clk 00:40:37]} {[%emt 00:00:37]} 31. Qc8#
{[%clk 00:54:47]} {[%emt 00:00:06]} 1-0

[Event "DEM U10w 2021"]
[Site "Willingen GER"]
[Date "2021.08.28"]
[Round "10"]
[White "Leistritz, Romina"]
[Black "Müller, Ariana"]
[Result "1-0"]
[Termination "normal"]
[Board "16"]
[WhiteElo "1047"]
[BlackElo "1006"]
[WhiteClock "00:42:30"]
[BlackClock "00:26:30"]
[PlyCount "55"]
[BlackFideId "34615024"]
[EventCountry "GER"]
[EventRounds "11"]
[EventType "swiss"]
[EventDate "2021.08.22"]

1. d4 {[%clk 01:15:58]} {[%emt 00:00:02]} d5 {[%clk 01:15:56]} {[%emt
00:00:05]} 2. Nc3 {[%clk 01:16:23]} {[%emt 00:00:05]} Nf6 {[%clk 01:16:18]}
{[%emt 00:00:08]} 3. Bf4 {[%clk 01:16:45]} {[%emt 00:00:08]} Nc6 {[%clk
01:16:03]} {[%emt 00:00:46]} 4. Nb5 {[%clk 01:15:42]} {[%emt 00:01:32]} e5
{[%clk 01:14:08]} {[%emt 00:02:24]} 5. dxe5 {[%clk 01:14:31]} {[%emt 00:01:41]}
Nh5 {[%clk 01:13:45]} {[%emt 00:00:52]} 6. Be3 {[%clk 01:12:44]} {[%emt
00:02:16]} Bf5 {[%clk 01:12:08]} {[%emt 00:02:10]} 7. Bd4 {[%clk 01:10:48]}
{[%emt 00:02:25]} Be7 {[%clk 01:10:23]} {[%emt 00:02:13]} 8. e3 {[%clk
01:10:02]} {[%emt 00:01:18]} O-O {[%clk 01:09:38]} {[%emt 00:01:16]} 9. Qxh5
{[%clk 01:09:21]} {[%emt 00:01:10]} g6 {[%clk 01:08:07]} {[%emt 00:02:01]} 10.
Qd1 {[%clk 01:07:07]} {[%emt 00:02:44]} a6 {[%clk 01:06:32]} {[%emt 00:02:05]}
11. Nc3 {[%clk 01:05:59]} {[%emt 00:01:39]} Bb4 {[%clk 01:02:45]} {[%emt
00:04:16]} 12. Bd3 {[%clk 01:02:48]} {[%emt 00:03:41]} Qd7 {[%clk 01:02:02]}
{[%emt 00:01:11]} 13. h3 {[%emt 00:05:04]} Rae8 {[%clk 01:00:08]} {[%emt
00:00:12]} 14. Nf3 {[%clk 00:59:54]} {[%emt 00:01:03]} Re7 {[%clk 00:54:20]}
{[%emt 00:06:25]} 15. a3 {[%clk 00:58:07]} {[%emt 00:02:11]} Bxc3+ {[%clk
00:53:03]} {[%emt 00:01:46]} 16. Bxc3 {[%clk 00:57:39]} {[%emt 00:00:59]} Rfe8
{[%clk 00:51:03]} {[%emt 00:02:28]} 17. g4 {[%clk 00:52:48]} {[%emt 00:05:22]}
Be4 {[%clk 00:49:40]} {[%emt 00:01:53]} 18. Bxe4 {[%clk 00:51:52]} {[%emt
00:01:26]} dxe4 {[%clk 00:49:44]} {[%emt 00:00:25]} 19. Nd4 {[%clk 00:51:22]}
{[%emt 00:01:01]} Rxe5 {[%clk 00:48:10]} {[%emt 00:02:03]} 20. Qe2 {[%clk
00:48:57]} {[%emt 00:02:56]} Qe7 {[%clk 00:42:56]} {[%emt 00:05:44]} 21. O-O-O
{[%clk 00:48:42]} {[%emt 00:00:45]} Rd8 {[%clk 00:35:52]} {[%emt 00:07:34]} 22.
Nxc6 {[%clk 00:47:51]} {[%emt 00:01:21]} bxc6 {[%clk 00:35:21]} {[%emt
00:00:59]} 23. Rxd8+ {[%clk 00:47:15]} {[%emt 00:01:08]} Qxd8 {[%clk 00:33:26]}
{[%emt 00:02:25]} 24. Bxe5 {[%clk 00:47:29]} {[%emt 00:00:16]} f6 {[%clk
00:32:16]} {[%emt 00:01:40]} 25. Rd1 {[%clk 00:44:07]} {[%emt 00:03:52]} Qb8
{[%clk 00:30:27]} {[%emt 00:02:16]} 26. Bxf6 {[%clk 00:43:48]} {[%emt
00:00:52]} Qb7 {[%clk 00:26:29]} {[%emt 00:04:28]} 27. Qc4+ {[%clk 00:42:50]}
{[%emt 00:01:28]} Kf8 {[%clk 00:26:30]} {[%emt 00:00:27]} 28. Rd8# {[%clk
00:42:30]} {[%emt 00:00:51]} 1-0

[Event "DEM U10w 2021"]
[Site "Willingen GER"]
[Date "2021.08.28"]
[Round "10"]
[White "Kühne, Malin"]
[Black "Guliyeva, Zahra"]
[Result "1-0"]
[Termination "normal"]
[Board "17"]
[WhiteElo "938"]
[BlackElo "783"]
[WhiteClock "00:19:26"]
[BlackClock "00:58:28"]
[PlyCount "73"]
[WhiteFideId "34619747"]
[BlackFideId "34630198"]
[EventCountry "GER"]
[EventRounds "11"]
[EventType "swiss"]
[EventDate "2021.08.22"]

1. e4 {[%clk 01:15:58]} {[%emt 00:00:02]} e5 {[%clk 01:15:56]} {[%emt
00:00:05]} 2. Nf3 {[%clk 01:16:20]} {[%emt 00:00:07]} Nc6 {[%clk 01:16:15]}
{[%emt 00:00:11]} 3. Bc4 {[%clk 01:16:44]} {[%emt 00:00:07]} Nf6 {[%clk
01:16:35]} {[%emt 00:00:09]} 4. d3 {[%clk 01:16:48]} {[%emt 00:00:27]} h6
{[%clk 01:16:40]} {[%emt 00:00:21]} 5. Be3 {[%clk 01:16:57]} {[%emt 00:00:24]}
d6 {[%clk 01:15:56]} {[%emt 00:01:15]} 6. h3 {[%clk 01:16:39]} {[%emt
00:00:47]} Be6 {[%clk 01:15:38]} {[%emt 00:00:48]} 7. Bb3 {[%clk 01:16:33]}
{[%emt 00:00:36]} Bxb3 {[%clk 01:15:10]} {[%emt 00:00:58]} 8. axb3 {[%clk
01:16:52]} {[%emt 00:00:10]} d5 {[%clk 01:14:45]} {[%emt 00:00:56]} 9. exd5
{[%clk 01:09:50]} {[%emt 00:07:32]} Nxd5 {[%clk 01:12:56]} {[%emt 00:02:19]}
10. Qe2 {[%clk 01:08:03]} {[%emt 00:02:18]} Ncb4 {[%clk 01:11:28]} {[%emt
00:01:58]} 11. Nxe5 {[%clk 00:59:55]} {[%emt 00:08:38]} Be7 {[%clk 01:10:53]}
{[%emt 00:01:05]} 12. O-O {[%clk 00:51:41]} {[%emt 00:08:44]} c6 {[%clk
01:11:09]} {[%emt 00:00:16]} 13. Bxa7 {[%clk 00:47:54]} {[%emt 00:04:16]} Qd6
{[%clk 01:10:46]} {[%emt 00:00:52]} 14. Nc4 {[%clk 00:42:07]} {[%emt 00:06:17]}
Qf4 {[%clk 01:08:39]} {[%emt 00:02:37]} 15. Nc3 {[%clk 00:36:02]} {[%emt
00:06:35]} O-O {[%clk 01:04:49]} {[%emt 00:01:58]} 16. Be3 {[%clk 00:34:42]}
{[%emt 00:04:11]} Qb8 {[%clk 01:04:01]} {[%emt 00:01:19]} 17. Rxa8 {[%clk
00:34:39]} {[%emt 00:01:10]} Qxa8 {[%clk 00:58:48]} {[%emt 00:06:05]} 18. Nxd5
{[%clk 00:34:01]} {[%emt 00:01:08]} Bh4 {[%clk 00:58:33]} {[%emt 00:00:46]} 19.
Nxb4 {[%clk 00:30:06]} {[%emt 00:04:24]} b5 {[%clk 00:57:37]} {[%emt 00:01:27]}
20. Nd2 {[%clk 00:27:32]} {[%emt 00:03:04]} Qb8 {[%clk 00:57:29]} {[%emt
00:00:38]} 21. Qg4 {[%clk 00:23:15]} {[%emt 00:04:47]} Bd8 {[%clk 00:57:38]}
{[%emt 00:00:21]} 22. Bxh6 {[%clk 00:23:07]} {[%emt 00:00:38]} g6 {[%clk
00:56:11]} {[%emt 00:01:58]} 23. Bxf8 {[%clk 00:22:51]} {[%emt 00:00:45]} Kxf8
{[%clk 00:56:31]} {[%emt 00:00:10]} 24. Qg3 {[%clk 00:22:54]} {[%emt 00:00:26]}
Qc8 {[%clk 00:56:37]} {[%emt 00:00:25]} 25. Qd6+ {[%clk 00:22:10]} {[%emt
00:01:15]} Kg8 {[%clk 00:56:44]} {[%emt 00:00:22]} 26. Qxc6 {[%clk 00:21:59]}
{[%emt 00:00:40]} Bc7 {[%clk 00:57:03]} {[%emt 00:00:11]} 27. Qxb5 {[%clk
00:19:28]} {[%emt 00:03:01]} Qf5 {[%clk 00:56:55]} {[%emt 00:00:39]} 28. Qxf5
{[%clk 00:19:09]} {[%emt 00:00:48]} Bd8 {[%clk 00:57:06]} {[%emt 00:00:19]} 29.
Qc8 {[%clk 00:19:25]} {[%emt 00:00:13]} Kf8 {[%clk 00:57:11]} {[%emt 00:00:25]}
30. Qxd8+ {[%clk 00:19:45]} {[%emt 00:00:11]} Kg7 {[%emt 00:00:09]} 31. Ra1
{[%clk 00:19:07]} {[%emt 00:01:07]} Kh6 {[%clk 00:56:59]} {[%emt 00:01:04]} 32.
g4 {[%clk 00:19:10]} {[%emt 00:00:26]} f5 {[%clk 00:57:15]} {[%emt 00:00:15]}
33. f4 {[%clk 00:18:58]} {[%emt 00:00:41]} fxg4 {[%clk 00:57:29]} {[%emt
00:00:17]} 34. hxg4 {[%clk 00:19:21]} {[%emt 00:00:07]} g5 {[%clk 00:57:46]}
{[%emt 00:00:11]} 35. Qxg5+ {[%clk 00:19:25]} {[%emt 00:00:28]} Kh7 {[%clk
00:58:06]} {[%emt 00:00:10]} 36. Ra7+ {[%clk 00:19:37]} {[%emt 00:00:18]} Kh8
{[%clk 00:58:28]} {[%emt 00:00:08]} 37. Qg7# {[%clk 00:19:26]} {[%emt
00:00:05]} 1-0

[Event "DEM U10w 2021"]
[Site "Willingen GER"]
[Date "2021.08.28"]
[Round "10"]
[White "Ruddat, Maila"]
[Black "Wartenberg, Adelia"]
[Result "1-0"]
[Termination "normal"]
[Board "18"]
[WhiteElo "729"]
[BlackElo "791"]
[WhiteClock "00:37:33"]
[BlackClock "01:11:52"]
[PlyCount "43"]
[WhiteFideId "34628100"]
[BlackFideId "34601830"]
[EventCountry "GER"]
[EventRounds "11"]
[EventType "swiss"]
[EventDate "2021.08.22"]

1. e4 {[%clk 01:15:57]} {[%emt 00:00:02]} e5 {[%clk 01:15:55]} {[%emt
00:00:05]} 2. Nc3 {[%clk 01:16:15]} {[%emt 00:00:13]} Bc5 {[%clk 01:16:18]}
{[%emt 00:00:08]} 3. Bc4 {[%clk 01:15:59]} {[%emt 00:00:46]} Qh4 {[%clk
01:16:40]} {[%emt 00:00:06]} 4. g3 {[%clk 01:15:54]} {[%emt 00:00:36]} Qf6
{[%clk 01:17:03]} {[%emt 00:00:07]} 5. f3 {[%clk 01:15:43]} {[%emt 00:00:42]}
d5 {[%clk 01:17:11]} {[%emt 00:00:21]} 6. exd5 {[%clk 01:15:50]} {[%emt
00:00:22]} Bg4 {[%clk 01:17:28]} {[%emt 00:00:14]} 7. d3 {[%clk 01:15:31]}
{[%emt 00:00:49]} e4 {[%clk 01:17:19]} {[%emt 00:00:39]} 8. dxe4 {[%clk
01:15:19]} {[%emt 00:00:39]} Qd4 {[%clk 01:17:14]} {[%emt 00:00:36]} 9. Qe2
{[%clk 01:15:11]} {[%emt 00:00:39]} Nd7 {[%clk 01:15:17]} {[%emt 00:02:27]} 10.
fxg4 {[%clk 01:09:59]} {[%emt 00:04:19]} Bb6 {[%clk 01:13:56]} {[%emt
00:03:14]} 11. Bf4 {[%clk 01:08:36]} {[%emt 00:01:51]} Ngf6 {[%clk 01:14:03]}
{[%emt 00:00:22]} 12. Nf3 {[%clk 01:07:15]} {[%emt 00:01:52]} Qc5 {[%clk
01:13:45]} {[%emt 00:00:42]} 13. Ne5 {[%clk 00:59:21]} {[%emt 00:08:32]} Nxe5
{[%clk 01:13:34]} {[%emt 00:00:42]} 14. Bxe5 {[%emt 00:03:48]} O-O {[%emt
00:00:45]} 15. Bxf6 {[%clk 00:54:46]} {[%emt 00:00:30]} gxf6 {[%clk 01:12:09]}
{[%emt 00:01:56]} 16. h4 {[%clk 00:43:39]} {[%emt 00:11:37]} Rae8 {[%clk
01:12:16]} {[%emt 00:00:18]} 17. g5 {[%clk 00:41:40]} {[%emt 00:02:33]} Ba5
{[%clk 01:12:12]} {[%emt 00:00:34]} 18. gxf6 {[%clk 00:40:54]} {[%emt
00:01:09]} Bxc3+ {[%clk 01:12:20]} {[%emt 00:01:09]} 19. bxc3 {[%emt 00:00:32]}
Re5 {[%clk 01:12:36]} {[%emt 00:00:09]} 20. Rb1 {[%clk 00:39:21]} {[%emt
00:02:25]} b6 {[%clk 01:12:47]} {[%emt 00:00:17]} 21. Qg4+ {[%clk 00:37:29]}
{[%emt 00:02:26]} Kh8 {[%clk 01:11:52]} {[%emt 00:01:23]} 22. Qg7# {[%clk
00:37:33]} {[%emt 00:00:24]} 1-0